Statistics for Big Brother 24 Houseguests by last name

Click here to take the quiz!

General Stats

  • This quiz has been taken 7 times
  • The average score is 12 of 16

Answer Stats

HintAnswer% Correct
Screwed his game up after thinking about a Cookout 2.0 alliance.Kyle Capener
100%
Ate a muffin one of the other HGs saved.Matt "Turner" Turner
100%
Decided to self-evict.Paloma Aguilar
100%
Was the biggest target at the beginning of the game.Taylor Hale
100%
First Jury Member.Indy Santos
75%
Volunteered his self to be a pawn but ended up getting evicted.Joe "Pooch" Pucciarelli
75%
Got smarter after his 25th birthday.Joseph Abdin
75%
Beat the record for most POVs in one season.Michael Bruner
75%
Winner of the final POVMonte Taylor
75%
Former Cop turned ChefNicole Layog
75%
Oldest HG of the season.Terrance Higgins
75%
Couldn't remember the name of Denmark and kept calling it Newark.Alyssa Snider
50%
Evicted during the first HOH of a Leftover Member.Ameerah Jones
50%
Got carried most of the way by their F2.Brittany Hoopes
50%
One of the biggest Villans of the summer.Daniel Durston
50%
"Julie, you look prettier than a chicken wing in an air fryer"Jasmine Davis
50%

Score Distribution

Percentile by Number Answered

Percent of People with Each Score

Your Score History

You have not taken this quiz